| 000 | 00347nam a22001337a 4500 | ||
|---|---|---|---|
| 020 | _a0-434-97316-5 | ||
| 082 |
_a823 _bWIL/F |
||
| 100 | _aHEINEMANN | ||
| 245 |
_bFIREMAN SAM AND NAUGHTY NORMAN _aSHORT STORY |
||
| 246 |
_aFIREMAN SAM AND NAUGHTY NORMAN _bSHORT STORY |
||
| 260 |
_aLONDON _bWILLIAM HEINEMONN LTD _c1990 |
||
| 300 | _a16 | ||
| 942 | _cBK | ||
| 999 |
_c2263 _d2263 |
||